[Event "Palmira Fortalece Sede"]
[Site "Palmira"]
[Date "2022.12.18"]
[Round "10"]
[White "Gonzalez Velasco, Leandro"]
[Black "Torres Rodriguez, Juan Camilo"]
[Result "0-1"]
[WhiteElo "1937"]
[BlackElo "2311"]
[PlyCount "108"]
[EventDate "2022.12.13"]
[EventType "swiss"]
[EventRounds "10"]
[EventCountry "COL"]
[SourceTitle "CBM 211 Extra"]
[Source "ChessBase"]
[SourceDate "2023.01.31"]
[SourceVersion "1"]
[SourceVersionDate "2023.01.31"]
[SourceQuality "1"]

1. e4 e5 2. Nf3 Nc6 3. Bb5 a6 4. Ba4 Nf6 5. 0-0 Nxe4 6. Re1 Nc5 7. Bxc6 dxc6 8. d4 Ne6 9. dxe5 Qxd1 10. Rxd1 Be7 11. Nc3 Bd7 12. Be3 0-0-0 13. h3 h6 14. Ne2 c5 15. Nh2 Bc6 16. f4 Be4 17. c3 c4 18. Ng4 Bd3 19. Nd4 c5 20. Nxe6 fxe6 21. Nf2 Bc2 22. Rdc1 Ba4 23. Ne4 Bc6 24. Nd6+ Bxd6 25. exd6 Rxd6 26. Rd1 Rhd8 27. Rxd6 Rxd6 28. Re1 b6 29. Kf2 Bd5 30. g4 Kd7 31. h4 Kc6 32. h5 Rd7 33. Rg1 Rf7 34. Ke2 Be4 35. Rg3 Bb1 36. a3 Bd3+ 37. Kd2 Kd5 38. b4 a5 39. bxc5 bxc5 40. g5 Rb7 41. gxh6 gxh6 42. Rg8 Rb2+ 43. Kd1 Rh2 44. Rd8+ Ke4 45. Bxc5 Rxh5 46. Rd4+ Kf3 47. Bb6 Rb5 48. Rd6 Bf5 49. a4 Rb1+ 50. Kd2 h5 51. Bd8 Ra1 52. Rd4 Ra2+ 53. Kd1 Ke3 54. Ke1 Rh2 0-1

[Event "Palmira Fortalece Sede"]
[Site "Palmira"]
[Date "2022.12.16"]
[Round "7"]
[White "Torres Rodriguez, Juan Camilo"]
[Black "Aguero Jimenez, Luis Lazaro"]
[Result "0-1"]
[WhiteElo "2311"]
[BlackElo "2465"]
[PlyCount "54"]
[EventDate "2022.12.13"]
[EventType "swiss"]
[EventRounds "10"]
[EventCountry "COL"]
[SourceTitle "CBM 211 Extra"]
[Source "ChessBase"]
[SourceDate "2023.01.31"]
[SourceVersion "1"]
[SourceVersionDate "2023.01.31"]
[SourceQuality "1"]

1. d4 d5 2. c4 c6 3. Nf3 Nf6 4. Nc3 e6 5. e3 Nbd7 6. Qc2 Bd6 7. Bd3 dxc4 8. Bxc4 0-0 9. 0-0 e5 10. h3 h6 11. e4 exd4 12. Nxd4 Ne5 13. Be2 Ng6 14. Rd1 Qc7 15. Be3 Bh2+ 16. Kh1 Bf4 17. Nf5 Bxe3 18. Nxe3 Qf4 19. Bf1 Be6 20. g3 Qg5 21. Bg2 Rae8 22. Kh2 h5 23. Qd2 Rd8 24. Qe1 h4 25. Nc2 hxg3+ 26. fxg3 Ne5 27. b4 Bxh3 0-1

[Event "Palmira Fortalece Sede"]
[Site "Palmira"]
[Date "2022.12.15"]
[Round "4"]
[White "Cori Quispe, Kevin Joel"]
[Black "Torres Rodriguez, Juan Camilo"]
[Result "1-0"]
[WhiteElo "2469"]
[BlackElo "2311"]
[PlyCount "59"]
[EventDate "2022.12.13"]
[EventType "swiss"]
[EventRounds "10"]
[EventCountry "COL"]
[SourceTitle "CBM 211 Extra"]
[Source "ChessBase"]
[SourceDate "2023.01.31"]
[SourceVersion "1"]
[SourceVersionDate "2023.01.31"]
[SourceQuality "1"]

1. e4 c5 2. Nf3 e6 3. d4 cxd4 4. Nxd4 a6 5. Bd3 Qb6 6. Nb3 Qc7 7. c4 Nf6 8. 0-0 d6 9. Nc3 Be7 10. f4 Nc6 11. Be3 0-0 12. Rc1 Qd8 13. Qf3 Nd7 14. Rcd1 Qc7 15. Qh3 g6 16. f5 Nf6 17. g4 exf5 18. exf5 Ne5 19. g5 Nh5 20. Nd5 Qd8 21. Bb6 Qd7 22. Be2 Ng7 23. Qh6 gxf5 24. Nc5 dxc5 25. Nf6+ Bxf6 26. gxf6 Ne6 27. Rxd7 Nxd7 28. Rxf5 Kh8 29. Rh5 Rg8+ 30. Kf2 1-0

[Event "Palmira Fortalece Sede"]
[Site "Palmira"]
[Date "2022.12.13"]
[Round "1"]
[White "Torres Rodriguez, Juan Camilo"]
[Black "Mora Munoz, Alejandro"]
[Result "1-0"]
[WhiteElo "2311"]
[BlackElo "1931"]
[PlyCount "37"]
[EventDate "2022.12.13"]
[EventType "swiss"]
[EventRounds "10"]
[EventCountry "COL"]
[SourceTitle "CBM 211 Extra"]
[Source "ChessBase"]
[SourceDate "2023.01.31"]
[SourceVersion "1"]
[SourceVersionDate "2023.01.31"]
[SourceQuality "1"]

1. d4 Nf6 2. c4 g6 3. Nf3 Bg7 4. Nc3 0-0 5. g3 d6 6. Bg2 Nbd7 7. 0-0 e5 8. h3 Re8 9. e4 exd4 10. Nxd4 Nc5 11. Re1 c6 12. Bf4 Nh5 13. Be3 Nf6 14. Qc2 a5 15. Rad1 a4 16. Nxc6 Qd7 17. e5 bxc6 18. Bxc5 Qd8 19. Be3 1-0

[Event "Ortega op 3rd"]
[Site "Ortega"]
[Date "2013.06.09"]
[Round "6"]
[White "Zuluaga Mancilla, Cesar"]
[Black "Torres Rodriguez, Juan Camilo"]
[Result "1/2-1/2"]
[WhiteElo "2407"]
[BlackElo "2342"]
[PlyCount "33"]
[EventDate "2013.06.07"]
[EventType "swiss"]
[EventRounds "8"]
[EventCountry "COL"]
[SourceTitle "CBM 154 Extra"]
[Source "ChessBase"]
[SourceDate "2013.06.25"]
[SourceVersion "2"]
[SourceVersionDate "2013.06.25"]
[SourceQuality "1"]

1. d4 Nf6 2. Nf3 d5 3. Bf4 c5 4. e3 Nc6 5. c3 Qb6 6. Qb3 c4 7. Qc2 Bf5 8. Qc1 h6 9. h3 e6 10. Nbd2 Be7 11. Be2 Rc8 12. 0-0 0-0 13. Ne5 Nxe5 14. Bxe5 Ne4 15. Re1 Bh4 16. Rf1 Nxd2 17. Qxd2 1/2-1/2

[Event "Ortega op 3rd"]
[Site "Ortega"]
[Date "2013.06.08"]
[Round "4"]
[White "Franco Valencia, Angela Maria"]
[Black "Torres Rodriguez, Juan Camilo"]
[Result "0-1"]
[WhiteElo "2165"]
[BlackElo "2342"]
[PlyCount "88"]
[EventDate "2013.06.07"]
[EventType "swiss"]
[EventRounds "8"]
[EventCountry "COL"]
[SourceTitle "CBM 154 Extra"]
[Source "ChessBase"]
[SourceDate "2013.06.25"]
[SourceVersion "2"]
[SourceVersionDate "2013.06.25"]
[SourceQuality "1"]

1. e4 c5 2. Nf3 e6 3. d4 cxd4 4. Nxd4 a6 5. Nc3 Qc7 6. g3 Nf6 7. Bg2 d6 8. 0-0 Be7 9. Kh1 Nc6 10. Nb3 b5 11. a3 Bb7 12. f4 Rc8 13. Be3 Nd7 14. f5 0-0 15. fxe6 fxe6 16. Qg4 Rxf1+ 17. Rxf1 Nf8 18. Bd4 Ne5 19. Qh5 Bf6 20. g4 Qe7 21. Nd2 Nfg6 22. Be3 Nc4 23. Nxc4 Rxc4 24. Bd2 Bxc3 25. Bxc3 Bxe4 26. Bxe4 Rxe4 27. Qh3 Qb7 28. Qf3 h6 29. h3 e5 30. Kg1 Nf4 31. Bd2 g5 32. Qb3+ Qf7 33. Qf3 Qc4 34. Kh1 d5 35. Rf2 Re2 36. Bxf4 Rxf2 37. Qxf2 gxf4 38. Qb6 Qe4+ 39. Kh2 Qxc2+ 40. Kh1 Qc1+ 41. Kh2 Qxb2+ 42. Kh1 Qc1+ 43. Kh2 Qd2+ 44. Kh1 Qe1+ 0-1

[Event "Ortega op 3rd"]
[Site "Ortega"]
[Date "2013.06.07"]
[Round "1"]
[White "Torres Rodriguez, Juan Camilo"]
[Black "Segura T, Jesus Daniel"]
[Result "1-0"]
[WhiteElo "2342"]
[BlackElo "1704"]
[PlyCount "87"]
[EventDate "2013.06.07"]
[EventType "swiss"]
[EventRounds "8"]
[EventCountry "COL"]
[SourceTitle "CBM 154 Extra"]
[Source "ChessBase"]
[SourceDate "2013.06.25"]
[SourceVersion "2"]
[SourceVersionDate "2013.06.25"]
[SourceQuality "1"]

1. d4 d5 2. c4 e5 3. dxe5 d4 4. a3 Nc6 5. Nf3 Nge7 6. e3 Bg4 7. Qa4 Bxf3 8. gxf3 dxe3 9. Bxe3 Nf5 10. Nc3 Nxe3 11. fxe3 Qh4+ 12. Ke2 Be7 13. Bg2 0-0 14. f4 Nd8 15. Rag1 c6 16. Bf3 f5 17. c5 Bxc5 18. Qc4+ Kh8 19. Qxc5 Ne6 20. Qc4 Rfe8 21. Rd1 Ng5 22. Bg2 Qg4+ 23. Kf1 Ne6 24. Qe2 Qh4 25. Qf2 Qh6 26. h4 Rad8 27. Ke2 Nc5 28. Rxd8 Rxd8 29. Rd1 Rxd1 30. Kxd1 Qe6 31. Qd2 h6 32. Qd6 Qb3+ 33. Kc1 Na4 34. Qf8+ Kh7 35. Qxf5+ Kg8 36. Qc2 Nc5 37. Qxb3+ Nxb3+ 38. Kc2 Nc5 39. Ne4 Na6 40. Nd6 Nc5 41. b4 Na4 42. Nxb7 Nb6 43. Bxc6 Nc4 44. Bd5+ 1-0

[Event "San Cristobal Bolivar op 1st"]
[Site "San Cristobal"]
[Date "2012.09.29"]
[Round "9"]
[White "Cadena Montoya, Gustavo Adolfo"]
[Black "Torres Rodriguez, Juan Camilo"]
[Result "1-0"]
[WhiteElo "2108"]
[BlackElo "2312"]
[PlyCount "59"]
[EventDate "2012.09.25"]
[EventType "swiss"]
[EventRounds "10"]
[EventCountry "VEN"]
[SourceTitle "EXT 2013"]
[Source "ChessBase"]
[SourceDate "2012.11.22"]
[SourceVersion "1"]
[SourceVersionDate "2012.11.22"]
[SourceQuality "1"]

1. d4 d5 2. Nf3 c6 3. c4 Nf6 4. cxd5 Nxd5 5. Nc3 g6 6. e4 Nxc3 7. bxc3 Bg7 8. Bc4 0-0 9. 0-0 b6 10. Qe2 Bb7 11. Bg5 Qc7 12. Rac1 e6 13. Qe3 Re8 14. e5 c5 15. Nd2 Nd7 16. Ne4 Bf8 17. f3 Bc6 18. Qe2 Reb8 19. Rb1 Rb7 20. Ba6 Rbb8 21. h4 h6 22. Bf4 Rd8 23. Qe3 Kh7 24. h5 c4 25. Nd6 Ba4 26. Nxf7 Nc5 27. hxg6+ Kxg6 28. Nxd8 Nxa6 29. Nxe6 Qf7 30. Nxf8+ 1-0

[Event "San Cristobal Bolivar op 1st"]
[Site "San Cristobal"]
[Date "2012.09.28"]
[Round "7"]
[White "Borges Matos, Juan R"]
[Black "Torres Rodriguez, Juan Camilo"]
[Result "1-0"]
[WhiteElo "2453"]
[BlackElo "2312"]
[PlyCount "71"]
[EventDate "2012.09.25"]
[EventType "swiss"]
[EventRounds "10"]
[EventCountry "VEN"]
[SourceTitle "EXT 2013"]
[Source "ChessBase"]
[SourceDate "2012.11.22"]
[SourceVersion "1"]
[SourceVersionDate "2012.11.22"]
[SourceQuality "1"]

1. d4 d5 2. c4 c6 3. Nf3 Nf6 4. Nc3 dxc4 5. a4 Bf5 6. e3 e6 7. Bxc4 Bb4 8. 0-0 Nbd7 9. Qe2 Bg6 10. e4 0-0 11. e5 Nd5 12. Nxd5 cxd5 13. Bd3 Be7 14. Bxg6 hxg6 15. Be3 Nb8 16. h4 Nc6 17. g3 Qb6 18. Kg2 Nb4 19. h5 gxh5 20. Rh1 Qa6 21. Qd2 Qd3 22. Rxh5 Qxd2 23. Bxd2 Nc6 24. b4 Rac8 25. b5 Nb8 26. Ng5 f6 27. Nxe6 Rfe8 28. Nf4 fxe5 29. dxe5 Bc5 30. Rah1 Kf7 31. e6+ Ke7 32. Rxd5 Red8 33. Rxc5 Rxc5 34. Bb4 b6 35. Rh5 Rdc8 36. Rg5 1-0

[Event "San Cristobal Bolivar op 1st"]
[Site "San Cristobal"]
[Date "2012.09.27"]
[Round "5"]
[White "Vivas, Fabian"]
[Black "Torres Rodriguez, Juan Camilo"]
[Result "0-1"]
[WhiteElo "1953"]
[BlackElo "2312"]
[PlyCount "64"]
[EventDate "2012.09.25"]
[EventType "swiss"]
[EventRounds "10"]
[EventCountry "VEN"]
[SourceTitle "EXT 2013"]
[Source "ChessBase"]
[SourceDate "2012.11.22"]
[SourceVersion "1"]
[SourceVersionDate "2012.11.22"]
[SourceQuality "1"]

1. c4 Nf6 2. Nc3 c5 3. g3 d5 4. cxd5 Nxd5 5. Bg2 Nc7 6. Nf3 Nc6 7. 0-0 e5 8. d3 Be7 9. Be3 Bd7 10. Nd2 0-0 11. Nc4 f6 12. a4 b6 13. Nb5 Ne6 14. Qb3 Kh8 15. Bxc6 Bxc6 16. Nxb6 Nf4 17. Bxf4 axb6 18. Be3 Qd7 19. Nc3 f5 20. f4 exf4 21. Bxf4 Bf6 22. Nb5 g5 23. Bd2 Rae8 24. Rae1 f4 25. Bc3 Qh3 26. e4 fxe3 27. Re2 Bd4 28. Rf7 Qg4 29. Rxf8+ Rxf8 30. Nxd4 cxd4 31. Qc4 Rf1+ 32. Kxf1 Qf3+ 0-1

[Event "COL-ch sf"]
[Site "Santa Rosa"]
[Date "2011.06.27"]
[Round "11"]
[White "Torres Rodriguez, Juan Camilo"]
[Black "Herrera, Juan Sebastian"]
[Result "1-0"]
[WhiteElo "2206"]
[BlackElo "2089"]
[PlyCount "93"]
[EventDate "2011.06.22"]
[EventType "swiss"]
[EventRounds "11"]
[EventCountry "COL"]
[SourceTitle "CBM 143 Extra"]
[Source "ChessBase"]
[SourceDate "2011.08.29"]
[SourceVersion "1"]
[SourceVersionDate "2011.08.29"]
[SourceQuality "1"]

1. d4 d5 2. c4 c6 3. Nf3 Nf6 4. Nc3 e6 5. Bg5 Nbd7 6. cxd5 exd5 7. e3 Be7 8. Qc2 0-0 9. Bd3 Re8 10. h3 Nf8 11. 0-0 Ne4 12. Bf4 Nd6 13. b4 Be6 14. b5 Qa5 15. bxc6 Rac8 16. Rfc1 Rxc6 17. Qa4 Qxa4 18. Nxa4 Nc4 19. Rab1 b6 20. Bxc4 Rxc4 21. Rxc4 dxc4 22. e4 Bd7 23. Nc3 Ne6 24. Be3 Rc8 25. e5 Bd8 26. d5 Nc5 27. Bxc5 Rxc5 28. Nd4 Bg5 29. Rd1 Bf4 30. e6 fxe6 31. dxe6 Be8 32. Nde2 Be5 33. f4 Bxc3 34. Nxc3 Kf8 35. Rd8 Ke7 36. Ra8 Ra5 37. Rc8 b5 38. f5 b4 39. Ne4 c3 40. Rc7+ Kd8 41. Rb7 Rd5 42. e7+ Kc8 43. Rxb4 Kd7 44. Nxc3 Rxf5 45. Rb7+ Ke6 46. Rxa7 Bc6 47. Ra6 1-0

[Event "COL-ch sf"]
[Site "Santa Rosa"]
[Date "2011.06.26"]
[Round "10"]
[White "Torres Rodriguez, Juan Camilo"]
[Black "Munoz Galvez, Jhon Edison"]
[Result "0-1"]
[WhiteElo "2206"]
[BlackElo "2254"]
[PlyCount "74"]
[EventDate "2011.06.22"]
[EventType "swiss"]
[EventRounds "11"]
[EventCountry "COL"]
[SourceTitle "CBM 143 Extra"]
[Source "ChessBase"]
[SourceDate "2011.08.29"]
[SourceVersion "1"]
[SourceVersionDate "2011.08.29"]
[SourceQuality "1"]

1. d4 Nf6 2. c4 e6 3. Nf3 c5 4. d5 exd5 5. cxd5 d6 6. Nc3 g6 7. Nd2 Nbd7 8. e4 Bg7 9. Nc4 Nb6 10. Ne3 0-0 11. Bd3 Re8 12. 0-0 a6 13. a4 Bd7 14. Re1 Nh5 15. a5 Nc8 16. Nc4 Bb5 17. Bd2 Rb8 18. Qc2 Na7 19. Nb6 Bxd3 20. Qxd3 Qc7 21. Rac1 Qe7 22. g3 Bd4 23. Kg2 Nc8 24. Nxc8 Rbxc8 25. Na4 Nf6 26. f3 Nd7 27. b4 Ne5 28. Qe2 c4 29. Bc3 Bxc3 30. Rxc3 Nd3 31. Rb1 Qe5 32. Qc2 f5 33. Nb6 fxe4 34. f4 Qd4 35. Rxc4 Rxc4 36. Qxc4 Qf2+ 37. Kh1 Ne1 0-1

[Event "COL-ch sf"]
[Site "Santa Rosa"]
[Date "2011.06.26"]
[Round "9"]
[White "Torres Rodriguez, Juan Camilo"]
[Black "Rios Parra, Alejandro"]
[Result "1/2-1/2"]
[WhiteElo "2206"]
[BlackElo "2345"]
[PlyCount "160"]
[EventDate "2011.06.22"]
[EventType "swiss"]
[EventRounds "11"]
[EventCountry "COL"]
[SourceTitle "CBM 143 Extra"]
[Source "ChessBase"]
[SourceDate "2011.08.29"]
[SourceVersion "1"]
[SourceVersionDate "2011.08.29"]
[SourceQuality "1"]

1. d4 Nf6 2. c4 g6 3. Nf3 Bg7 4. Nc3 0-0 5. g3 c5 6. Bg2 Na6 7. 0-0 d6 8. h3 Bd7 9. b3 Qc8 10. Kh2 Bc6 11. Be3 Rd8 12. d5 Bd7 13. Qd2 Rb8 14. a4 Nb4 15. Bg5 a6 16. e4 Qc7 17. Rfe1 e5 18. dxe6 fxe6 19. e5 dxe5 20. Nxe5 Bxa4 21. Qf4 Rd4 22. Qf3 Nh5 23. Rxa4 Bxe5 24. Qe3 Nd3 25. Re2 Ng7 26. Be4 Rd7 27. Nd5 exd5 28. Bxd5+ Rxd5 29. cxd5 b5 30. Re4 c4 31. bxc4 bxc4 32. Rxe5 Qxe5 33. Qxe5 Nxe5 34. Rxe5 Re8 35. Be7 Nf5 36. d6 Nxe7 37. d7 Rd8 38. Rxe7 Kf8 39. Rxh7 c3 40. Rh4 Rxd7 41. Rc4 Rd3 42. Kg2 a5 43. Kf1 Ke7 44. Ke2 Rd7 45. Rxc3 Ra7 46. Kd3 Kd6 47. Kc2 Ra6 48. h4 Ke5 49. Rc4 Rf6 50. f4+ Kd5 51. Ra4 Ra6 52. Kc3 Rc6+ 53. Kd3 Rc5 54. Rd4+ Ke6 55. Rc4 Rb5 56. Ke4 Kf6 57. Rc6+ Kg7 58. Kf3 Rb3+ 59. Kg4 Rb5 60. Ra6 Rc5 61. Kf3 Rb5 62. Ke4 Rb4+ 63. Ke5 Rb3 64. Ra7+ Kh6 65. g4 Rb5+ 66. Kf6 Rb6+ 67. Kf7 Rb4 68. Kg8 Rb8+ 69. Kf7 Rb4 70. f5 Rxg4 71. f6 Rxh4 72. Kg8 Rf4 73. f7 g5 74. Rxa5 Kh5 75. f8Q Rxf8+ 76. Kxf8 Kh4 77. Kf7 g4 78. Kg6 g3 79. Ra1 g2 80. Kf5 Kg3 1/2-1/2

[Event "COL-ch sf"]
[Site "Santa Rosa"]
[Date "2011.06.25"]
[Round "8"]
[White "Gallego Alcaraz, Andres Felipe"]
[Black "Torres Rodriguez, Juan Camilo"]
[Result "0-1"]
[WhiteElo "2368"]
[BlackElo "2206"]
[PlyCount "110"]
[EventDate "2011.06.22"]
[EventType "swiss"]
[EventRounds "11"]
[EventCountry "COL"]
[SourceTitle "CBM 143 Extra"]
[Source "ChessBase"]
[SourceDate "2011.08.29"]
[SourceVersion "1"]
[SourceVersionDate "2011.08.29"]
[SourceQuality "1"]

1. c4 c5 2. Nf3 Nf6 3. Nc3 Nc6 4. g3 d5 5. cxd5 Nxd5 6. Bg2 Nc7 7. 0-0 e5 8. d3 Be7 9. Nd2 Bd7 10. Nc4 f6 11. f4 b5 12. Ne3 exf4 13. gxf4 0-0 14. a4 b4 15. Ncd5 Nxd5 16. Nxd5 Rc8 17. f5 Ne5 18. Be4 Bc6 19. Qb3 Kh8 20. Bf4 Bd6 21. Kh1 Qd7 22. Rg1 Qf7 23. Rac1 Rfd8 24. Qa2 Nxd3 25. exd3 Bxf4 26. Rxc5 Be3 27. Rxc6 Rxc6 28. Re1 Bd4 29. Nxb4 Qxa2 30. Nxa2 Rc2 31. Nb4 Rxb2 32. Nc6 Bf2 33. Rc1 Rc8 34. a5 h5 35. Rc4 Be3 36. Bf3 Rb5 37. Bxh5 Rxf5 38. Bg4 Rg5 39. h3 f5 40. Bf3 Rg3 41. Bg2 f4 42. Kh2 Rc7 43. Bd5 g6 44. a6 Bg1+ 45. Kh1 f3 46. Rg4 f2 47. Rf4 Rxh3+ 48. Kg2 Rxd3 49. Be4 Rd6 50. Ne5 Kg7 51. Bb7 Re6 52. Ng4 Rc2 53. Bd5 Re7 54. Kg3 Rc5 55. Bb7 Rf5 0-1

[Event "COL-ch U20"]
[Site "Barranquilla"]
[Date "2011.03.03"]
[Round "6"]
[White "Torres Rodriguez, Juan Camilo"]
[Black "Martinez Romero, Martin"]
[Result "1-0"]
[WhiteElo "2227"]
[BlackElo "2216"]
[PlyCount "121"]
[EventDate "2011.03.01"]
[EventType "swiss"]
[EventRounds "7"]
[EventCountry "COL"]
[SourceTitle "CBM 141 Extra"]
[Source "ChessBase"]
[SourceDate "2011.05.03"]
[SourceVersion "1"]
[SourceVersionDate "2011.05.03"]
[SourceQuality "1"]

1. d4 Nf6 2. Nf3 g6 3. c4 Bg7 4. Nc3 0-0 5. g3 d6 6. Bg2 c6 7. 0-0 a6 8. a4 a5 9. e4 Na6 10. h3 Qc7 11. Be3 e5 12. Qd2 Re8 13. Rad1 exd4 14. Nxd4 Nc5 15. Qc2 Bd7 16. Rfe1 Rad8 17. f4 Bc8 18. Nb3 Na6 19. Qf2 Nd7 20. Bd4 Bxd4 21. Qxd4 Ndc5 22. Nxc5 Nxc5 23. e5 Ne6 24. exd6 Nxd4 25. dxc7 Rxe1+ 26. Rxe1 Rf8 27. Re5 Be6 28. Nd5 cxd5 29. cxd5 Bc8 30. d6 Nf5 31. Rd5 Bd7 32. Rxa5 Nxd6 33. Rd5 Rc8 34. Rxd6 Rxc7 35. a5 Be6 36. Rd2 Kf8 37. b4 Ke7 38. Kf2 Bd7 39. Ke3 Rc4 40. Rd4 Rc3+ 41. Rd3 Rc4 42. Rb3 Ba4 43. Rb2 Bc6 44. Bxc6 Rxc6 45. Kd4 Kd6 46. b5 Rc5 47. a6 bxa6 48. bxa6 Ra5 49. Rb6+ Ke7 50. g4 Kf8 51. Kc4 Kg7 52. g5 h6 53. h4 hxg5 54. hxg5 Rf5 55. Rf6 Ra5 56. Kb4 Ra1 57. Kb5 Kf8 58. Kb6 Ke7 59. Kb7 Rd1 60. Rc6 Rb1+ 61. Rb6 1-0

[Event "COL-ch U20"]
[Site "Barranquilla"]
[Date "2011.03.01"]
[Round "1"]
[White "Noguera Lastra, David"]
[Black "Torres Rodriguez, Juan Camilo"]
[Result "1-0"]
[WhiteElo "1996"]
[BlackElo "2227"]
[PlyCount "77"]
[EventDate "2011.03.01"]
[EventType "swiss"]
[EventRounds "7"]
[EventCountry "COL"]
[SourceTitle "CBM 141 Extra"]
[Source "ChessBase"]
[SourceDate "2011.05.03"]
[SourceVersion "1"]
[SourceVersionDate "2011.05.03"]
[SourceQuality "1"]

1. e4 c5 2. Nf3 e6 3. d4 cxd4 4. Nxd4 a6 5. Bd3 Nf6 6. b3 Qc7 7. Bb2 Be7 8. 0-0 0-0 9. Nd2 d6 10. Qe2 Re8 11. f4 Nbd7 12. Nxe6 fxe6 13. e5 g6 14. exf6 Bxf6 15. Bxf6 Nxf6 16. c4 Bd7 17. Qf2 Rf8 18. Rae1 Rae8 19. Ne4 e5 20. Qh4 Nh5 21. fxe5 dxe5 22. Be2 Bc6 23. Bxh5 Bxe4 24. Qxe4 Qb6+ 25. Kh1 Rxf1+ 26. Rxf1 gxh5 27. h3 Qg6 28. Qxb7 e4 29. Qd5+ Re6 30. Rf5 Kh8 31. Rg5 Qf7 32. Qd4+ Qf6 33. Qxf6+ Rxf6 34. Re5 Rf1+ 35. Kh2 Ra1 36. Rxe4 Rxa2 37. c5 Rf2 38. c6 Rf7 39. Rd4 1-0

[Event "Manizales op 23rd"]
[Site "Caldas"]
[Date "2011.01.09"]
[Round "7"]
[White "Gomez Loaiza, Jhon Fredy"]
[Black "Torres Rodriguez, Juan Camilo"]
[Result "0-1"]
[WhiteElo "1983"]
[BlackElo "2222"]
[PlyCount "48"]
[EventDate "2011.01.06"]
[EventType "swiss"]
[EventRounds "7"]
[EventCountry "COL"]
[SourceTitle "CBM 140 Extra"]
[Source "ChessBase"]
[SourceDate "2011.03.01"]
[SourceVersion "1"]
[SourceVersionDate "2011.03.01"]
[SourceQuality "1"]

1. d4 d5 2. Nf3 Nf6 3. g3 c6 4. Bg2 Bf5 5. 0-0 h6 6. Bf4 Qb6 7. b3 e6 8. c4 Nbd7 9. c5 Qd8 10. Nbd2 g5 11. Be5 Nxe5 12. Nxe5 Bg7 13. h3 0-0 14. g4 Bh7 15. f4 Nd7 16. e3 Nxe5 17. fxe5 f6 18. exf6 Bxf6 19. Qe2 e5 20. dxe5 Bxe5 21. e4 Bxa1 22. Rxa1 Qf6 23. Re1 Qd4+ 24. Kh1 Rf2 0-1

[Event "Manizales op 23rd"]
[Site "Caldas"]
[Date "2011.01.08"]
[Round "5"]
[White "Torres Rodriguez, Juan Camilo"]
[Black "Alvarez, Javier"]
[Result "1/2-1/2"]
[WhiteElo "2222"]
[BlackElo "2187"]
[PlyCount "62"]
[EventDate "2011.01.06"]
[EventType "swiss"]
[EventRounds "7"]
[EventCountry "COL"]
[SourceTitle "CBM 140 Extra"]
[Source "ChessBase"]
[SourceDate "2011.03.01"]
[SourceVersion "1"]
[SourceVersionDate "2011.03.01"]
[SourceQuality "1"]

1. d4 Nf6 2. Nf3 g6 3. c4 Bg7 4. Nc3 0-0 5. g3 d6 6. Bg2 Nc6 7. 0-0 a6 8. h3 Rb8 9. a4 a5 10. e4 e5 11. Be3 Re8 12. Re1 Nd7 13. Qd2 Nb4 14. Rad1 c6 15. b3 Qe7 16. Na2 Nxa2 17. Qxa2 c5 18. dxe5 dxe5 19. Nd2 Nf8 20. Nb1 Ne6 21. Nc3 Nd4 22. Nd5 Qd8 23. Bxd4 cxd4 24. Kh2 Be6 25. f4 Bxd5 26. cxd5 Qd6 27. Qd2 Qb6 28. Bf1 Rbc8 29. Bc4 Qd6 30. Re2 f5 31. exf5 e4 1/2-1/2

[Event "COL-ch sf "]
[Site "Medellin"]
[Date "2010.06.12"]
[Round "10"]
[White "Cano Acosta, Luis Fernando"]
[Black "Torres Rodriguez, Juan Camilo"]
[Result "1-0"]
[WhiteElo "2214"]
[BlackElo "2172"]
[PlyCount "63"]
[EventDate "2010.06.05"]
[EventType "swiss"]
[EventRounds "11"]
[EventCountry "COL"]
[SourceTitle "CBM 136 Extra"]
[Source "ChessBase"]
[SourceDate "2010.07.02"]
[SourceVersion "2"]
[SourceVersionDate "2010.07.15"]
[SourceQuality "1"]

1. Nf3 d5 2. g3 Nf6 3. Bg2 c6 4. b3 Bf5 5. Bb2 e6 6. 0-0 Be7 7. d3 0-0 8. Nbd2 h6 9. Ne5 Nfd7 10. Nxd7 Nxd7 11. e4 Bh7 12. e5 a5 13. f4 Qb6+ 14. Kh1 Bb4 15. Nf3 a4 16. Qe2 a3 17. Bc1 Bc3 18. Rb1 c5 19. Be3 Qa5 20. g4 Nb8 21. g5 Nc6 22. gxh6 g6 23. h4 Nb4 24. h5 Nxa2 25. hxg6 fxg6 26. Nh4 Qc7 27. Qg4 Ra6 28. Nxg6 Bxg6 29. Qxg6+ Kh8 30. Bxc5 Rg8 31. Qf6+ Kh7 32. Be7 1-0

[Event "COL-ch sf "]
[Site "Medellin"]
[Date "2010.06.11"]
[Round "9"]
[White "Torres Rodriguez, Juan Camilo"]
[Black "Lotero, Faiber"]
[Result "1-0"]
[WhiteElo "2172"]
[BlackElo "2155"]
[PlyCount "81"]
[EventDate "2010.06.05"]
[EventType "swiss"]
[EventRounds "11"]
[EventCountry "COL"]
[SourceTitle "CBM 136 Extra"]
[Source "ChessBase"]
[SourceDate "2010.07.02"]
[SourceVersion "2"]
[SourceVersionDate "2010.07.15"]
[SourceQuality "1"]

1. d4 Nf6 2. Nf3 g6 3. c4 Bg7 4. Nc3 d5 5. Bf4 0-0 6. e3 c6 7. h3 Nbd7 8. Rc1 Qa5 9. Be2 dxc4 10. Bxc4 b5 11. Bb3 Bb7 12. 0-0 Rac8 13. Ne5 c5 14. Nxb5 Nxe5 15. dxe5 Ne4 16. Na3 Rfd8 17. Qc2 Nd2 18. Nc4 Nxc4 19. Bxc4 e6 20. Rfd1 Qb6 21. f3 h5 22. b3 Qc7 23. Rxd8+ Rxd8 24. Bg5 Rd7 25. Bb5 Rd5 26. e4 Rd4 27. Be3 Bxe5 28. Qxc5 Qxc5 29. Rxc5 Rd1+ 30. Kf2 Bb8 31. Be2 Rd7 32. Ra5 Ba8 33. b4 h4 34. b5 f5 35. exf5 gxf5 36. b6 Kf7 37. bxa7 Bg3+ 38. Kg1 Ke7 39. Rb5 Bd6 40. Rb8 Rd8 41. Bg5+ 1-0

[Event "COL-ch sf "]
[Site "Medellin"]
[Date "2010.06.10"]
[Round "8"]
[White "Morales, Jhon Alexander"]
[Black "Torres Rodriguez, Juan Camilo"]
[Result "1-0"]
[WhiteElo "2275"]
[BlackElo "2172"]
[PlyCount "116"]
[EventDate "2010.06.05"]
[EventType "swiss"]
[EventRounds "11"]
[EventCountry "COL"]
[SourceTitle "CBM 136 Extra"]
[Source "ChessBase"]
[SourceDate "2010.07.02"]
[SourceVersion "2"]
[SourceVersionDate "2010.07.15"]
[SourceQuality "1"]

1. e4 c5 2. Nf3 e6 3. d4 cxd4 4. Nxd4 a6 5. Bd3 Qc7 6. Qe2 d6 7. 0-0 Nf6 8. c4 g6 9. Nc3 Bg7 10. Rd1 0-0 11. Nf3 Nbd7 12. Bf4 Ne5 13. Nxe5 dxe5 14. Be3 Bd7 15. f3 b6 16. Qf2 Rfb8 17. b4 Bf8 18. Rab1 Be8 19. Bf1 Nd7 20. a3 a5 21. Kh1 axb4 22. axb4 Qc6 23. Qb2 Ra7 24. Bc1 Rba8 25. Qb3 Nb8 26. Qb2 Qc7 27. Be3 Na6 28. Qf2 Rb7 29. Nb5 Qb8 30. Qe1 Rd7 31. Rdc1 Rb7 32. Qc3 f6 33. Qe1 g5 34. Rb2 Qd8 35. Rcb1 Nc7 36. Rd2 Qb8 37. Nd6 Rba7 38. Nxe8 Nxe8 39. Qd1 Ra3 40. Bg1 R3a4 41. c5 bxc5 42. bxc5 Qc8 43. Bb5 Ra3 44. Bd7 Qa6 45. Rb6 Qa5 46. Rb5 Qa6 47. Rb6 Qa5 48. Bxe6+ Kh8 49. Rc2 Ra1 50. Rb1 Nc7 51. Bd7 Ra2 52. Bc6 Rxc2 53. Qxc2 Rd8 54. Bb7 Ne6 55. c6 Bd6 56. Qc4 Nf4 57. g3 Qa3 58. Rb3 Qa1 1-0